[Event "Chioggia op-B 13th"]
[Site "Chioggia"]
[Date "2018.09.29"]
[Round "3"]
[White "Kofler, Albin Ernst"]
[Black "Dallaglio, Giovanni"]
[Result "0-1"]
[WhiteElo "1527"]
[BlackElo "1850"]
[PlyCount "116"]
[EventDate "2018.09.28"]
[EventType "swiss"]
[EventRounds "5"]
[EventCountry "ITA"]
[SourceTitle "EXT 2022"]
[Source "ChessBase"]
[SourceDate "2021.10.06"]
[SourceVersion "1"]
[SourceVersionDate "2021.10.06"]
[SourceQuality "1"]

1. e4 e6 2. d4 d5 3. exd5 Qxd5 4. Nf3 Nf6 5. Bd3 c5 6. 0-0 cxd4 7. Nxd4 Bc5 8. Be3 Bxd4 9. Bxd4 Nc6 10. Bxf6 gxf6 11. Nc3 Qd8 12. Bb5 Qb6 13. Qf3 f5 14. Rfe1 0-0 15. Bxc6 bxc6 16. Na4 Qb5 17. b3 Kh8 18. Qc3+ f6 19. Nc5 e5 20. Rad1 a5 21. a4 Qb4 22. Qxb4 axb4 23. Rd6 Ra7 24. Red1 f4 25. f3 Bf5 26. Ne4 Bxe4 27. fxe4 c5 28. Rd7 Rxd7 29. Rxd7 Rc8 30. Kf2 c4 31. Ke2 cxb3 32. cxb3 Rc3 33. Rd3 f5 34. Rxc3 bxc3 35. a5 fxe4 36. a6 f3+ 37. gxf3 exf3+ 38. Kxf3 c2 39. a7 c1Q 40. a8Q+ Kg7 41. Qb7+ Kf6 42. Qb6+ Kf5 43. Qe3 Qd1+ 44. Kf2 Qc2+ 45. Kg3 Qc7 46. Qf3+ Ke6 47. Qg4+ Kd6 48. Qc4 Qxc4 49. bxc4 Kc5 50. Kf3 Kd4 51. c5 Kxc5 52. Ke4 Kd6 53. h4 h5 54. Ke3 Kd5 55. Kd3 e4+ 56. Ke3 Ke5 57. Ke2 Kf4 58. Kf2 Kg4 0-1

[Event "Treviso Lega op-B 2nd"]
[Site "Treviso"]
[Date "2018.04.09"]
[Round "3"]
[White "Bavaresco, Erik"]
[Black "Kofler, Albin Ernst"]
[Result "1-0"]
[WhiteElo "1526"]
[BlackElo "1624"]
[PlyCount "61"]
[EventDate "2018.03.02"]
[EventType "swiss"]
[EventRounds "5"]
[EventCountry "ITA"]
[SourceTitle "EXT 2022"]
[Source "ChessBase"]
[SourceDate "2021.10.06"]
[SourceVersion "1"]
[SourceVersionDate "2021.10.06"]
[SourceQuality "1"]

1. d4 b6 2. e4 Bb7 3. Bd3 Nf6 4. Qe2 Nc6 5. c3 e6 6. Bg5 h6 7. Bh4 Be7 8. f4 a5 9. a4 d6 10. Nf3 Nd7 11. Bxe7 Qxe7 12. e5 dxe5 13. fxe5 Nd8 14. Na3 c5 15. Nb5 0-0 16. 0-0 cxd4 17. cxd4 Bd5 18. Nc7 Ra7 19. Nxd5 exd5 20. g3 Ne6 21. Qe3 Rc8 22. Nh4 Qb4 23. Nf5 Rac7 24. Kh1 Ndf8 25. Nd6 Rd8 26. Nb5 Re7 27. b3 Nc7 28. Na7 Re6 29. Bf5 Ra8 30. Bxe6 Ncxe6 31. Nc6 1-0

[Event "Arco op-B 39th"]
[Site "Arco"]
[Date "2017.10.11"]
[Round "4"]
[White "Galas, Franco"]
[Black "Kofler, Albin Ernst"]
[Result "0-1"]
[WhiteElo "1589"]
[BlackElo "1600"]
[PlyCount "86"]
[EventDate "2017.10.08"]
[EventType "swiss"]
[EventRounds "8"]
[EventCountry "ITA"]
[SourceTitle "CBM 181 Extra"]
[Source "ChessBase"]
[SourceDate "2017.12.12"]
[SourceVersion "1"]
[SourceVersionDate "2017.12.12"]
[SourceQuality "1"]

1. f4 b6 2. Nf3 Bb7 3. d4 e6 4. e3 Nf6 5. c3 c5 6. Be2 cxd4 7. exd4 d6 8. 0-0 Be7 9. Bd3 Nbd7 10. Qc2 Qc8 11. Nbd2 e5 12. Ne4 Nxe4 13. Bxe4 Bxe4 14. Qxe4 Nf6 15. Qe2 e4 16. Ng5 d5 17. h3 h6 18. Nxf7 Kxf7 19. g4 Kg8 20. Be3 Qc4 21. Qf2 Qc7 22. Kg2 Rf8 23. Rac1 b5 24. Rc2 Nd7 25. b3 Nb6 26. Qe2 Qd7 27. a4 bxa4 28. bxa4 Nc4 29. Bc1 Qxa4 30. Kg3 a5 31. h4 Qd7 32. Rf2 Qd8 33. Rh2 g5 34. hxg5 hxg5 35. Rxh8+ Kxh8 36. Qh2+ Kg7 37. Ra2 Rh8 38. Qg1 Bd6 39. Rh2 Rxh2 40. Qxh2 Qh8 41. Qh5 Qxh5 42. gxh5 Bxf4+ 43. Bxf4 gxf4+ 0-1

[Event "Arco op-B 39th"]
[Site "Arco"]
[Date "2017.10.09"]
[Round "2"]
[White "Buri, Petra Zsuzsanna"]
[Black "Kofler, Albin Ernst"]
[Result "0-1"]
[WhiteElo "1417"]
[BlackElo "1600"]
[PlyCount "58"]
[EventDate "2017.10.08"]
[EventType "swiss"]
[EventRounds "8"]
[EventCountry "ITA"]
[SourceTitle "CBM 181 Extra"]
[Source "ChessBase"]
[SourceDate "2017.12.12"]
[SourceVersion "1"]
[SourceVersionDate "2017.12.12"]
[SourceQuality "1"]

1. e4 b6 2. d4 Bb7 3. Bd3 e6 4. Nf3 Nf6 5. Nbd2 c5 6. c3 Nc6 7. b3 cxd4 8. cxd4 Nb4 9. Bb1 Ba6 10. Nc4 d5 11. exd5 Qxd5 12. Ne3 Qd8 13. a3 Nbd5 14. Bd3 Bxd3 15. Qxd3 Bd6 16. 0-0 0-0 17. Ne5 Nxe3 18. Qxe3 Rc8 19. a4 Nd5 20. Qf3 Rc3 21. Qd1 Qc7 22. Nc4 Bxh2+ 23. Kh1 Bf4 24. Bb2 Qe7 25. g3 Bxg3 26. Bxc3 Qh4+ 27. Kg2 Qh2+ 28. Kf3 Nxc3 29. Qd3 Bh4 0-1

[Event "Arco op-B 39th"]
[Site "Arco"]
[Date "2017.10.08"]
[Round "1"]
[White "Kofler, Albin Ernst"]
[Black "Ponzecchi, Riccardo"]
[Result "1-0"]
[WhiteElo "1600"]
[BlackElo "1408"]
[PlyCount "77"]
[EventDate "2017.10.08"]
[EventType "swiss"]
[EventRounds "8"]
[EventCountry "ITA"]
[SourceTitle "CBM 181 Extra"]
[Source "ChessBase"]
[SourceDate "2017.12.12"]
[SourceVersion "1"]
[SourceVersionDate "2017.12.12"]
[SourceQuality "1"]

1. e4 c5 2. Nf3 d6 3. d4 cxd4 4. Nxd4 Nf6 5. Nc3 a6 6. Bd3 e5 7. Nde2 Be7 8. 0-0 0-0 9. Bg5 Nbd7 10. Ng3 Nc5 11. Be2 b5 12. b4 Ncd7 13. a4 Bb7 14. axb5 Qc7 15. Qd3 a5 16. bxa5 Rxa5 17. Rxa5 Qxa5 18. Nf5 Qd8 19. Nxd6 Qc7 20. Nxb7 Qxb7 21. Be3 Rd8 22. Rd1 Nf8 23. Nd5 Nxd5 24. exd5 Bd6 25. c4 Nd7 26. Qf5 g6 27. Qc2 f5 28. c5 f4 29. c6 Qc8 30. Ba7 Qc7 31. Ra1 Ra8 32. Bd4 Rxa1+ 33. Bxa1 Nb6 34. Qb3 Qe7 35. Bb2 Qc7 36. Ba3 Bxa3 37. Qxa3 Nc8 38. Qa8 Kf7 39. Qb7 1-0

[Event "Innsbruck op-B 1st"]
[Site "Innsbruck"]
[Date "2017.08.28"]
[Round "3"]
[White "Janes, Christian"]
[Black "Kofler, Albin Ernst"]
[Result "1/2-1/2"]
[WhiteElo "1749"]
[BlackElo "1605"]
[PlyCount "50"]
[EventDate "2017.08.25"]
[EventType "swiss"]
[EventRounds "9"]
[EventCountry "AUT"]
[SourceTitle "CBM 180 Extra"]
[Source "ChessBase"]
[SourceDate "2017.10.06"]
[SourceVersion "1"]
[SourceVersionDate "2017.10.06"]
[SourceQuality "1"]

1. e4 b6 2. d4 Bb7 3. Nc3 e6 4. Nf3 Bb4 5. Bd3 Nf6 6. Bg5 h6 7. Bxf6 Qxf6 8. h3 Bxc3+ 9. bxc3 d6 10. 0-0 0-0 11. Re1 e5 12. d5 Nd7 13. a4 Nc5 14. Nd2 a6 15. Nb3 Nxd3 16. cxd3 Qg6 17. c4 f5 18. Rb1 Bc8 19. Nd2 Bd7 20. exf5 Bxf5 21. Ne4 Rab8 22. Re3 Bxe4 23. dxe4 Rf4 24. Qe2 Rbf8 25. f3 a5 1/2-1/2

[Event "Mogliano Veneto op-B 38th"]
[Site "Mogliano Veneto"]
[Date "2017.05.01"]
[Round "4.19"]
[White "Kofler, Albin Ernst"]
[Black "Pisani, Valerio"]
[Result "0-1"]
[WhiteElo "1637"]
[BlackElo "1711"]
[PlyCount "114"]
[EventDate "2017.04.29"]
[EventType "swiss"]
[EventRounds "5"]
[EventCountry "ITA"]
[SourceTitle "EXT 2023"]
[Source "ChessBase"]
[SourceDate "2022.10.05"]
[SourceVersion "1"]
[SourceVersionDate "2022.10.05"]
[SourceQuality "1"]

1. e4 e6 2. d4 d5 3. Nc3 Nf6 4. Bg5 Be7 5. e5 Nfd7 6. Bxe7 Qxe7 7. Nf3 a6 8. Bd3 c5 9. dxc5 Nxc5 10. 0-0 Nc6 11. Re1 Bd7 12. a3 Rc8 13. Bf1 b5 14. b4 Nb7 15. Qd2 0-0 16. Bd3 f6 17. exf6 Qxf6 18. Ne2 e5 19. Qg5 Qxg5 20. Nxg5 e4 21. Nxe4 dxe4 22. Bxe4 Nd6 23. Bd5+ Kh8 24. c3 Ne7 25. Red1 Rf5 26. Bb7 Rc7 27. Bxa6 Rf6 28. f3 Ra7 29. a4 Rxa6 30. a5 Be8 31. Rd2 Nf7 32. Rad1 Rfd6 33. Nd4 g6 34. Re1 Ra7 35. Rde2 Rdd7 36. Ne6 Nd6 37. Nc5 Rdc7 38. Ne6 Rxc3 39. Nc5 Ndc8 40. Rd1 Bc6 41. Rd8+ Kg7 42. Ne6+ Kh6 43. Rd4 Nf5 44. Rf4 Re7 45. g4 Rxf3 46. g5+ Kh5 47. Rxf3 Bxf3 48. Re5 Nd4 49. Nf4+ Kg4 50. Rxe7 Nxe7 51. Nd3 Kxg5 52. a6 Nc8 53. Kf2 Ba8 54. Ke3 Nc6 55. Kd2 Kf5 56. Kc3 Nb6 57. Nc5 Nd5+ 0-1

[Event "Goch op 27th"]
[Site "Goch"]
[Date "2016.09.01"]
[Round "1"]
[White "Kofler, Albin Ernst"]
[Black "Glinzk, Michael"]
[Result "0-1"]
[WhiteElo "1586"]
[BlackElo "1995"]
[PlyCount "42"]
[EventDate "2016.09.01"]
[EventType "swiss"]
[EventRounds "7"]
[EventCountry "GER"]
[SourceTitle "EXT 2018"]
[Source "ChessBase"]
[SourceDate "2017.10.13"]
[SourceVersion "1"]
[SourceVersionDate "2017.10.13"]
[SourceQuality "1"]

1. d4 Nf6 2. Nf3 e6 3. Bg5 Be7 4. e3 0-0 5. Bd3 b6 6. Nbd2 d5 7. 0-0 Bb7 8. Re1 Nbd7 9. Rc1 c5 10. c3 Ne4 11. Bf4 f5 12. h3 Bf6 13. Ne5 Nxe5 14. dxe5 Bg5 15. f3 Bxf4 16. exf4 Ng3 17. Nf1 Nh5 18. g3 g5 19. fxg5 Qxg5 20. Re2 Nf4 21. Rh2 Nxd3 0-1